| 000 | 00582nam a2200193Ia 4500 | ||
|---|---|---|---|
| 003 | GCL | ||
| 008 | 140319s9999 xx 000 0 ara d | ||
| 040 |
_aGCL / _cGCL |
||
| 082 | 0 | 4 |
_aق _b258.3 _bم ر |
| 100 | 1 | _aمصطفى منير ادهم | |
| 245 | 1 | 0 |
_aرحلة الامام الشافعى الى مصر / _cمصطفى منير ادهم |
| 260 |
_a[S.N] : _bدار الكتب المصرية ، _c1930 |
||
| 490 | _a | ||
| 650 | 0 | 4 | _aمصر |
| 650 | 0 | 4 | _aتاريخ |
| 650 | 0 | 4 | _aالتاريخ الاسلامى |
| 650 | 0 | 4 | _aالفقه الاسلامى |
| 942 |
_2ddc _cBK |
||
| 999 |
_c58643 _d58643 |
||